Accountability

Bibliographic Details
Main Author: صافي, عثمان بن عبد القادر (Author)
Format: Book
Published: Kuala Lumpur : Darulfikir , 1992
Subjects:

MARC

LEADER 00000cam a2200000 7i4500
001 0000005535
005 20140410093000.0
008 021118s1992
020 |a 9839668188 
090 0 0 |a BJ1451   |b .S213 1992 
100 0 |a صافي, عثمان بن عبد القادر ,   |e author 
245 1 0 |a Accountability   |c Sheikh Osman Abdulkader al-Safi translated from Arabic by Muhamad Badawi 
260 2 |a Kuala Lumpur :   |b Darulfikir ,   |c 1992 
300 |a 103 p. ;   |c 21 cm. 
650 0 |a Ethics 
650 0 |a Responsibility   |x Religious aspects   |x Islam 
999 |a 1000000831   |b Book   |c OPEN SHELF (30 DAYS)   |e Gong Badak Campus 
999 |a 1000000832   |b Book   |c OPEN SHELF (30 DAYS)   |e Gong Badak Campus